Параметры режима получения порошков микродиапазона; Инновационные технологии в машиностроении

Dettagli Bibliografici
Parent link:Инновационные технологии в машиностроении.— 2022.— [С. 73-75]
Autore principale: Кузнецов М. А. Максим Александрович
Ente Autore: Национальный исследовательский Томский политехнический университет Юргинский технологический институт
Altri autori: Курбонов А. М., Сайлаухан Т. С.
Riassunto:Заглавие с титульного экрана
В данной работе представлены результаты отработки режимов получения порошков микродиапазона. Экспериментальные исследования позволили определить оптимальные режимы для проволок различного химического состава. Основными параметрами режима исполнительного оборудования является: сила тока, давление плазмообразующего газа, скорость подачи проволоки, частота ультразвуковых колебаний.
This paper presents the results of testing modes for obtaining microrange powders. Experimental studies made it possible to determine the optimal modes for wires of various chemical compositions. The main parameters of the operating equipment mode are: current strength, plasma gas pressure, wire feed speed, frequency of ultrasonic vibrations Key words: powders, regimes, technology, plasma torch nozzle.
Lingua:russo
Pubblicazione: 2022
Serie:Технологии получения неразъемных соединений в машиностроении
Soggetti:
Accesso online:http://earchive.tpu.ru/handle/11683/72726
Natura: MixedMaterials Elettronico Capitolo di libro
KOHA link:https://koha.lib.tpu.ru/cgi-bin/koha/opac-detail.pl?biblionumber=634641

MARC

LEADER 00000naa2a2200000 4500
001 634641
005 20231102024736.0
035 |a (RuTPU)RU\TPU\conf\36459 
035 |a RU\TPU\conf\36458 
090 |a 634641 
100 |a 20220801d2022 k y0rusy50 ca 
101 0 |a rus  |d eng 
102 |a RU 
105 |a y z 101zy 
135 |a drgn ---uucaa 
181 0 |a i  
182 0 |a b 
200 1 |a Параметры режима получения порошков микродиапазона  |f М. А. Кузнецов, А. М. Курбонов, Т. С. Сайлаухан 
203 |a Текст  |c электронный 
225 1 |a Технологии получения неразъемных соединений в машиностроении 
230 |a 1 компьютерный файл (pdf; 137 Kb) 
300 |a Заглавие с титульного экрана 
320 |a [Библиогр.: с. 74-75 (10 назв.)] 
330 |a В данной работе представлены результаты отработки режимов получения порошков микродиапазона. Экспериментальные исследования позволили определить оптимальные режимы для проволок различного химического состава. Основными параметрами режима исполнительного оборудования является: сила тока, давление плазмообразующего газа, скорость подачи проволоки, частота ультразвуковых колебаний. 
330 |a This paper presents the results of testing modes for obtaining microrange powders. Experimental studies made it possible to determine the optimal modes for wires of various chemical compositions. The main parameters of the operating equipment mode are: current strength, plasma gas pressure, wire feed speed, frequency of ultrasonic vibrations Key words: powders, regimes, technology, plasma torch nozzle. 
463 1 |0 (RuTPU)RU\TPU\conf\36283  |t Инновационные технологии в машиностроении  |o сборник трудов XIII Международной научно-практической конференции, 26–28 мая 2022 г., Юрга  |f Национальный исследовательский Томский политехнический университет (ТПУ), Юргинский технологический институт (ЮТИ) ; под ред. С. А. Солодского  |v [С. 73-75]  |d 2022 
610 1 |a труды учёных ТПУ 
610 1 |a электронный ресурс 
610 1 |a порошки 
610 1 |a режимы 
610 1 |a технология 
610 1 |a сопло 
610 1 |a powders 
610 1 |a modes 
610 1 |a technology 
610 1 |a plasma torch nozzle 
700 1 |a Кузнецов  |b М. А.  |c специалист в области сварочного производства  |c доцент Юргинского технологического института (филиала) Томского политехнического университета, кандидат технических наук  |f 1985-  |g Максим Александрович  |2 stltpush  |3 (RuTPU)RU\TPU\pers\29708  |9 14202 
701 1 |a Курбонов  |b А. М. 
701 1 |a Сайлаухан  |b Т. С. 
712 0 2 |a Национальный исследовательский Томский политехнический университет  |b Юргинский технологический институт  |c (2009- )  |h 349  |2 stltpush  |3 (RuTPU)RU\TPU\col\15903 
801 2 |a RU  |b 63413507  |c 20220805  |g RCR 
856 4 |u http://earchive.tpu.ru/handle/11683/72726 
942 |c BK